000 02349nam a2200517 i 4500
001 30670
003 KOSZ 005
005 20201103120204.0
008 980702s1995 pl a f |100 0 eng
015 _aUWD 1996/16714
020 _a8386676248
035 _a991004452419705066
035 _a(PL-WaBN)b11175515-48omnis_nlop
035 _ab11175515
035 _a(OCoLC)835346051
035 _a(PL)b0000001117551
035 _a(EXLNZ-48OMNIS_NETWORK)9910300765505606
040 _aWA N
_cWA N
_dKOSZ 005/EG
041 0 _aengger
_beng
_gpol
046 _k1995
080 _a504.5
080 _a(06)
245 0 0 _aMonitoring antropogenicznych krajobrazów w środkowej i wschodniej Europie =
_bMonitoring der anthropogänen Landschaften in Mittel- und OstEuropa : IV Kolokwium EIPOS, Kielce 29 września - 1 października 1995 = IV Colloquium Eipos, Kielce 29 September 1 Oktober 1995 /
_cred. Alojzy Kowalkowski ; Państwowa Inspekcja Ochrony Środowiska, Europejski Instytut Podyplomowych Studiów Nauki o Środowisku w Dreźnie i Kielcach, Politechnika Świętokrzyska w Kielcach, Wyższa Szkoła Pedagogiczna w Kielcach, Ośrodek Ochrony Zabytkowego Krajobrazu w Warszawie, Pracownia Krajobrazu Kulturowego w Kielcach, Kieleckie Towarzystwo Naukowe.
260 _aWarszawa :
_bPIOŚ,
_c1995.
300 _a281 s., [6] s. fot. kolor. :
_bmapy, rys., wykr. ;
_c24 cm.
336 _aTekst
_btxt
_2rdacontent
337 _aBez urządzenia pośredniczącego
_bn
_2rdamedia
338 _aWolumin
_bnc
_2rdacarrier
380 _aKsiążki
388 _a1901-2000
388 _a1989-2000
490 1 _aBiblioteka Monitoringu Środowiska
500 _aTekst ang., niem., wprowadzenie równol. pol., niem.
504 _aBibliogr. przy ref. - Summ.
650 7 _aDegradacja środowiska
_2DBN
650 7 _aBadania naukowe
_2DBN
651 7 _aEuropa Środkowo-Wschodnia
655 7 _aMateriały konferencyjne
_2DBN
658 _aOchrona środowiska
700 1 _aKowalkowski, Alojzy
_d(1924-2020)
_eRedakcja
710 2 _aPaństwowa Inspekcja Ochrony Środowiska
_4pbl
830 0 _aBiblioteka Monitoringu Środowiska
856 _uhttp://koha.tu.koszalin.pl/cgi-bin/koha/opac-detail.pl?biblionumber=30670
_yKatalog online BPK
942 _2UKD
_cKS
999 _c30670
_d30670